Gibkije proizvodstvennyje sistemy, promyšlennyje roboty, robototechničeskije kompleksy
Enregistré dans:
| Format: | Livre |
|---|---|
| Langue: | russe |
| Publié: |
Moskva
Vysšaja škola
1990
|
| Édition: | 1. izd. |
| Tags: |
Pas de tags, Soyez le premier à ajouter un tag!
|
MARC
| LEADER | 00000nam a2200000 4500 | ||
|---|---|---|---|
| 001 | c027182 | ||
| 005 | 20250217084802.6 | ||
| 041 | 0 | |a rus | |
| 044 | |a RU | ||
| 245 | 1 | 0 | |a Gibkije proizvodstvennyje sistemy, promyšlennyje roboty, robototechničeskije kompleksy |c Red. B.I. Čerpakov |
| 250 | |a 1. izd. | ||
| 264 | 1 | |a Moskva |b Vysšaja škola |c 1990 | |
| 300 | |a 93 s. | ||